Top 15 Collage Football Teams 2021 - Statistics

General Stats
  • This quiz has been taken 462 times
  • The average score is 7 of 15
Answer Stats
Hint Answer % Correct
1 Alabama
92%
3 Georgia
79%
2 Michigan
74%
7 Ohio State
73%
5 Notre Dame
47%
14 Oklahoma
44%
15 Oregon
44%
8 Ole Miss/ Mississippi
34%
4 Cincinnati
33%
11 Michigan St
31%
10 Utah
27%
6 Baylor
26%
9 Oklahoma St
25%
12 BYU
23%
13 Pitt
22%
No matching quizzes found
Score Distribution
Percent of People with Each Score
Percentile by Number Answered
Your Score History
You have not taken this quiz